Statistics for Capitals of the Countries that Start with D

Click here to take the quiz!

General Stats

  • This quiz has been taken 35 times
  • The average score is 5 of 5

Answer Stats

Country Capital % Correct
DenmarkCopenhagen
100%
DjiboutiDjibouti
97%
Democratic Republic of the CongoKinshasa
94%
Dominican RepublicSanto Domingo
88%
DominicaRoseau
84%

Score Distribution

Percentile by Number Answered

Percent of People with Each Score

Your Score History

You have not taken this quiz